Fani ya Isimu Jamii/ (Record no. 30968)
[ view plain ]
| 000 -LEADER | |
|---|---|
| fixed length control field | 00503nam a22001457a 4500 |
| 008 - FIXED-LENGTH DATA ELEMENTS--GENERAL INFORMATION | |
| fixed length control field | 210309b ||||| |||| 00| 0 eng d |
| 020 ## - INTERNATIONAL STANDARD BOOK NUMBER | |
| International Standard Book Number | 9780195734232 |
| 050 ## - LIBRARY OF CONGRESS CALL NUMBER | |
| Classification number | PL 8701 |
| Item number | .O34 2008 |
| 100 ## - MAIN ENTRY--PERSONAL NAME | |
| Personal name | Odeo,Ipara |
| 245 ## - TITLE STATEMENT | |
| Title | Fani ya Isimu Jamii/ |
| Remainder of title | kwa shule za sekondari. |
| Statement of responsibility, etc. | Ipara Isaac Odeo & Maina Geoffrey |
| 260 ## - PUBLICATION, DISTRIBUTION, ETC. (IMPRINT) | |
| Place of publication, distribution, etc. | Nairobi; Kenya |
| Name of publisher, distributor, etc. | Oxford University Press East Africa ltd. |
| Date of publication, distribution, etc. | 2008. |
| 300 ## - PHYSICAL DESCRIPTION | |
| Extent | 128p.; |
| Dimensions | 21cm. |
| 650 ## - SUBJECT ADDED ENTRY--TOPICAL TERM | |
| Topical term or geographic name as entry element | Swahili language |
| 942 ## - ADDED ENTRY ELEMENTS (KOHA) | |
| Source of classification or shelving scheme | |
| Koha item type | Hard Covered Materials |
| Classification part | PL 8701 .034 2008 |
| Withdrawn status | Lost status | Source of classification or shelving scheme | Damaged status | Not for loan | Home library | Current library | Shelving location | Date acquired | Total Checkouts | Full call number | Barcode | Date last seen | Cost, replacement price | Price effective from | Koha item type | Date last checked out |
|---|---|---|---|---|---|---|---|---|---|---|---|---|---|---|---|---|
| MACHAKOS UNIVERSITY LIBRARY | MACHAKOS UNIVERSITY LIBRARY | Africana | 09/03/2021 | PL 8701 .O34 2008 | 23629 | 14/12/2023 | 600.00 | 09/03/2021 | Africana (Books) | |||||||
| MACHAKOS UNIVERSITY LIBRARY | MACHAKOS UNIVERSITY LIBRARY | Africana | 09/03/2021 | 2 | PL 8701 .O34 2008 | 23630 | 22/02/2024 | 600.00 | 09/03/2021 | Africana (Books) | 22/02/2024 | |||||
| MACHAKOS UNIVERSITY LIBRARY | MACHAKOS UNIVERSITY LIBRARY | Africana | 09/03/2021 | 4 | PL 8701 .O34 2008 | 23631 | 02/03/2026 | 600.00 | 09/03/2021 | Africana (Books) | 02/03/2026 |